Alam tumbuhan

Bibliographic Details
Main Author: Masrol Samiun
Format: Book
Published: Petaling Jaya : Penerbit Prisma Sdn. Bhd. , 1992
Subjects:

MARC

LEADER 00000cam a2200000 7i4500
001 0000007809
002 000008379
005 20000330.0
020 |a 9839665375 
090 0 0 |a J 372.6   |b MAS 
100 0 |a Masrol Samiun 
245 1 0 |a Alam tumbuhan   |c Masrol Samiun 
260 |a Petaling Jaya :   |b Penerbit Prisma Sdn. Bhd. ,   |c 1992 
300 |a 70 p. :   |b ill. ;   |c 21 cm. 
650 0 0 |a Plants ecology   |x Juvenile literature 
999 |a 052981   |b BUKU   |c PINJAMAN   |e PERPUSTAKAAN KOMUNITI PETALING JAYA